书目信息 |
| 题名: |
中国筝家走世界
|
|
| 作者: | 王天一 , 王居野 , 赵勃楠 著 | |
| 分册: | 第一部 | |
| 出版信息: | 北京 文化艺术出版社 2005.08 |
|
| 页数: | 333页 | |
| 开本: | 23cm | |
| 丛书名: | ||
| 单 册: | ||
| 中图分类: | K825.76 | |
| 科图分类: | ||
| 主题词: | 筝--zheng--演奏家--生平事迹--中国 | |
| 电子资源: | ||
| ISBN: | 7-5039-2792-5 | |
| 000 | 00946nam0 2200253 450 | |
| 001 | 012008500719 | |
| 005 | 20080314163241.78 | |
| 010 | @a7-5039-2792-5@dCNY27.00 | |
| 100 | @a20080314d2005 km y0chiy0120 ea | |
| 101 | 0 | @achi |
| 102 | @aCN@b110000 | |
| 105 | @aabc z 000yy | |
| 106 | @ar | |
| 200 | 1 | @a中国筝家走世界@Azhong guo zheng jia zou shi jie@h第一部@f王天一, 王居野, 赵勃楠著@Fwang tian yi,wang ju ye,zhao bo nan zhu |
| 210 | @a北京@c文化艺术出版社@d2005.08 | |
| 215 | @a333页@c图, 地图, 肖像@d23cm | |
| 330 | @a本书记载了从1989年11月至2005年4月东方女子新筝乐团的筝家们到世界各地宣传弘扬民族文化的辉煌业绩,介绍了他们所访问过的国家和地区的一些鲜为人知的真实情况。 | |
| 606 | 0 | @a筝@Azheng@x演奏家@x生平事迹@y中国 |
| 690 | @aK825.76@v4 | |
| 701 | 0 | @a王天一@Awang tian yi@4著 |
| 701 | 0 | @a王居野@Awang ju ye@4著 |
| 701 | 0 | @a赵勃楠@Azhao bo nan@4著 |
| 801 | 0 | @aCN@bQSSK@c20080314 |
| 905 | @b20282717-19@dK825.76@eW368:1@f3 | |
| 中国筝家走世界.第一部/王天一, 王居野, 赵勃楠著.-北京:文化艺术出版社,2005.08 |
| 333页:图, 地图, 肖像;23cm |
| ISBN 7-5039-2792-5:CNY27.00 |
| 本书记载了从1989年11月至2005年4月东方女子新筝乐团的筝家们到世界各地宣传弘扬民族文化的辉煌业绩,介绍了他们所访问过的国家和地区的一些鲜为人知的真实情况。 |
| ● |
| 相关链接 |
|
|
|
正题名:中国筝家走世界
索取号:K825.76/W368:1
 
预约/预借
| 序号 | 登录号 | 条形码 | 馆藏地/架位号 | 状态 | 备注 |
| 1 | 282717 | 202827174 | 社科库309/309社科库 54排4列3层/ [索取号:K825.76/W368:1] | 在馆 | |
| 2 | 282718 | 202827183 | 社科库309/309社科库 54排4列3层/ [索取号:K825.76/W368:1] | 在馆 | |
| 3 | 282719 | 202827192 | 社科库309/309社科库 54排4列3层/ [索取号:K825.76/W368:1] | 在馆 |